/ Liliana Aguirre.

Tradicionalmente, la arqueología estudia las sociedades del pasado por medio de las evidencias que quedaron de las antiguas actividades humanas. Su fin es reconstruir la conducta de las sociedades extintas, tratando de abarcar el rango completo de actividades humanas realizadas por cada cultura.

Bibliographic Details
Main Author: Constantinescu, Florence
Format: Revista
Language:Spanish
Published: Santiago, Chile Universidad de Chile 1997-98
Subjects:
Online Access:

MARC

LEADER 00000cas a2200000 a 4500
001 039462
003 UAHC_CL
005 20170803124353.0
008 161228s1997 cl 000 spa
022 |a 07163312 
040 |a UAHC_CL  |c UAHC_CL  |d UAHC_CL 
100 1 |a Constantinescu, Florence 
245 1 0 |a / Liliana Aguirre. 
260 |b Universidad de Chile  |c 1997-98  |a Santiago, Chile 
300 |a pp. 31-54 
500 |a En: Revista chilena de antropología. no. 14, 1997-98 pp. 31-54. ISSN: 0716 3312. 
520 |a Tradicionalmente, la arqueología estudia las sociedades del pasado por medio de las evidencias que quedaron de las antiguas actividades humanas. Su fin es reconstruir la conducta de las sociedades extintas, tratando de abarcar el rango completo de actividades humanas realizadas por cada cultura. 
650 4 |a ARQUEOLOGIA 
650 4 |a ANTROPOLOGIA APLICADA 
900 |a REV. CHIL. ANTROPOL.-13/97-98 
942 |c REV 
999 |c 39462  |d 39462